Statistics for US States Without Letter A In Their Name

Click here to take the quiz!

General Stats

  • This quiz has been taken 166 times
  • The average score is 12 of 14

Answer Stats

Answer% Correct
New York
93%
Ohio
90%
Oregon
87%
New Jersey
86%
Mississippi
85%
Vermont
85%
Illinois
84%
New Mexico
83%
Kentucky
82%
Tennessee
81%
Wyoming
81%
Missouri
77%
Wisconsin
75%
Connecticut
71%

Score Distribution

Percentile by Number Answered

Percent of People with Each Score

Your Score History

You have not taken this quiz